书目信息 |
| 题名: |
古希腊哲学范畴的逻辑发展
|
|
| 作者: | 张传开 著 | |
| 分册: | ||
| 出版信息: | 南京 南京大学出版社 1987 |
|
| 页数: | 319页 | |
| 开本: | 20cm | |
| 丛书名: | ||
| 单 册: | ||
| 中图分类: | B502.1 | |
| 科图分类: | ||
| 主题词: | 哲学--欧洲--公元前7~6世纪 | |
| 电子资源: | ||
| ISBN: | 7-305-00080-9 | |
| 000 | 00714nam0 2200241 45 | |
| 001 | 0187000295 | |
| 005 | 20050527084430.7 | |
| 010 | @a7-305-00080-9@dCNY2.55 | |
| 091 | @aCN@b2336.009 | |
| 100 | @a19901031d1987 emky0chiy0121 ea | |
| 101 | 0 | @achi |
| 102 | @aCN@b320000 | |
| 105 | @ay z 000yy | |
| 200 | 10 | @a古希腊哲学范畴的逻辑发展@Agu xi la zhe xue fan chou de luo ji fa zhan@f张传开著@FZhang Chuan Kai Zhu |
| 210 | @a南京@c南京大学出版社@d1987 | |
| 215 | @a319页@d20cm | |
| 300 | @a附录: 略论时间范畴的起源 | |
| 606 | 0 | @a哲学@x欧洲@z公元前7~6世纪 |
| 690 | @aB502.1@v3 | |
| 701 | 0 | @a张传开@4著 |
| 801 | 0 | @aCN@b深圳图书馆@c20040423 |
| 801 | 2 | @aCN@bNLC@c20040423 |
| 905 | @dB502.1@e36@f1@b257064 | |
| 古希腊哲学范畴的逻辑发展/张传开著.-南京:南京大学出版社,1987 |
| 319页;20cm |
| 附录: 略论时间范畴的起源 |
| ISBN 7-305-00080-9:CNY2.55 |
| ● |
| 相关链接 |
|
|
|
|
正题名:古希腊哲学范畴的逻辑发展
索取号:B502.1/36
 
预约/预借
| 序号 | 登录号 | 条形码 | 馆藏地/架位号 | 状态 | 备注 |
| 1 | 0257064 | 000517961 | 第一样本阅览室/ [索取号:B502.1/36] | 在馆 | |
| 2 | 0257065 | 000517970 | 密集书库/ [索取号:B502.1/36] | 在馆 | |
| 3 | 0257066 | 000517989 | 密集书库/ [索取号:B502.1/36] | 在馆 | |
| 4 | 0257067 | 000517998 | 第一借阅区/ [索取号:B502.1/36] | 在馆 | |
| 5 | 0257068 | 000518005 | 第一借阅区/ [索取号:B502.1/36] | 在馆 |